| 000 | nam a22 7a 4500 | ||
|---|---|---|---|
| 999 |
_c329226 _d329226 |
||
| 001 | 2204 | ||
| 003 | ASAB | ||
| 005 | 20170427125429.0 | ||
| 008 | 170427b xxu||||| |||| 00| 0 eng d | ||
| 020 | _a81-8189-082-5 | ||
| 040 | _cASAB | ||
| 082 | _a634.9 | ||
| 245 |
_aSustainable forests Global challenges and local solutions _cby O. thomas bouman |
||
| 246 | _asustainable forests global challenges and local solutions | ||
| 260 |
_aIndia _bInternational book distributing co. _c2005 |
||
| 300 | _a378 P. | ||
| 942 |
_2ddc _cBK |
||